MLB: All Decade Teams-1980s - Statistics

General Stats
  • This quiz has been taken 148 times
  • The average score is 9 of 15
Answer Stats
Position Player % Correct
Third Base Mike Schmidt
91%
Shortstop Cal Ripken Jr.
87%
Catcher Gary Carter
75%
Outfield Rickey Henderson
75%
Starting Pitcher Roger Clemens
73%
Second Base Ryne Sandberg
66%
First Base Eddie Murray
65%
Outfield Robin Yount
64%
Starting Pitcher Fernando Valenzuela
57%
Outfield Dale Murphy
55%
DH Wade Boggs
55%
Starting Pitcher Jack Morris
51%
Starting Pitcher Orel Hershiser
51%
Starting Pitcher Dave Stieb
41%
Relief Pitcher Dan Quisenberry
29%
No matching quizzes found
Score Distribution
Percent of People with Each Score
Percentile by Number Answered
Your Score History
You have not taken this quiz